A dictionary of science.
Guardat en:
| Format: | Llibre |
|---|---|
| Idioma: | English |
| Publicat: |
New York :
Oxford University Press,
1999.
|
| Edició: | 4th ed. |
| Matèries: | |
| Etiquetes: |
Afegir etiqueta
Sense etiquetes, Sigues el primer a etiquetar aquest registre!
|
| Thư viện lưu trữ: | Mạng thư viện Đại học Đà Nẵng |
|---|
| LEADER | 00770cam a2200325 i 4500 | ||
|---|---|---|---|
| 001 | 000045908 | ||
| 003 | 5125 | ||
| 005 | 20030214104501.0 | ||
| 008 | 010220|1999 vm 000 eng | ||
| 020 | |a 0192800981 | ||
| 040 | |a IRC |c IRC |d IRC | ||
| 041 | 0 | |a eng | |
| 082 | 1 | 4 | |a 503 |b Di-S |
| 245 | 0 | 2 | |a A dictionary of science. |
| 250 | |a 4th ed. | ||
| 260 | |a New York : |b Oxford University Press, |c 1999. | ||
| 300 | |a 858p. : |b ill. | ||
| 630 | 0 | 4 | |a Sciences. |
| 630 | 0 | 4 | |a Dictionaries. |
| 650 | 0 | 4 | |a Science |v Dictionaries. |
| OWN | |a DUT | ||
| 999 | |a From the UDN01 | ||
| TYP | |a Monograph | ||
| TYP | |a Printed language | ||
| 980 | |a Mạng thư viện Đại học Đà Nẵng | ||


